[Event "Wroclaw Anderssen Memorial"]
[Site "Wroclaw"]
[Date "2022.07.30"]
[Round "3"]
[White "Rajda, Krystian"]
[Black "Zenker, Bernard"]
[Result "0-1"]
[WhiteElo "1847"]
[BlackElo "1432"]
[PlyCount "80"]
[EventDate "2022.07.30"]
[EventType "swiss (rapid)"]
[EventRounds "9"]
[EventCountry "POL"]
[SourceTitle "CBM 209 Extra"]
[Source "ChessBase"]
[SourceDate "2022.09.30"]
[SourceVersion "1"]
[SourceVersionDate "2022.09.30"]
[SourceQuality "1"]

1. e4 c5 2. d4 cxd4 3. c3 Nf6 4. e5 Nd5 5. Nf3 e6 6. cxd4 b6 7. Bd3 Bb7 8. 0-0 d6 9. Nc3 Nxc3 10. bxc3 Qc7 11. Bf4 Nd7 12. Rc1 Be7 13. Re1 0-0 14. exd6 Bxd6 15. Bxd6 Qxd6 16. Re3 Rac8 17. Ng5 h6 18. Rh3 Nf6 19. Nf3 Rc7 20. Ne5 Rfc8 21. Bb1 Be4 22. Bxe4 Nxe4 23. Qe1 Nf6 24. Rd3 Nd5 25. h4 Nb4 26. Rf3 Nxa2 27. Rc2 Nb4 28. Rd2 Nc6 29. Ng4 Ne7 30. Ne5 f6 31. Ng4 Rxc3 32. Rxc3 Rxc3 33. Re2 Qc7 34. Qd2 Rc1+ 35. Re1 Rxe1+ 36. Qxe1 Qd6 37. Qc3 Nc6 38. Nxf6+ gxf6 39. Qg3+ Qxg3 40. fxg3 Nxd4 0-1

[Event "Wroclaw Anderssen Memorial"]
[Site "Wroclaw"]
[Date "2022.07.30"]
[Round "5"]
[White "Sernecki, Franciszek"]
[Black "Zenker, Bernard"]
[Result "1-0"]
[WhiteElo "2261"]
[BlackElo "1432"]
[PlyCount "87"]
[EventDate "2022.07.30"]
[EventType "swiss (rapid)"]
[EventRounds "9"]
[EventCountry "POL"]
[SourceTitle "CBM 209 Extra"]
[Source "ChessBase"]
[SourceDate "2022.09.30"]
[SourceVersion "1"]
[SourceVersionDate "2022.09.30"]
[SourceQuality "1"]

1. d4 Nf6 2. c4 e6 3. Nf3 b6 4. g3 Bb7 5. Bg2 c5 6. d5 exd5 7. cxd5 Bxd5 8. Nc3 Bb7 9. e4 d6 10. 0-0 Be7 11. Nh4 0-0 12. Nf5 Nc6 13. Bg5 d5 14. exd5 Nxd5 15. Nxe7+ Ndxe7 16. Qxd8 Rfxd8 17. Bxe7 Rd7 18. Bg5 h6 19. Be3 Rad8 20. Rad1 Nd4 21. Bxb7 Rxb7 22. Bxd4 cxd4 23. Rd3 Rbd7 24. Rfd1 Kf8 25. Ne2 Ke7 26. Rxd4 Rxd4 27. Rxd4 Rc8 28. Nc3 Rc6 29. h4 a6 30. Kg2 b5 31. a3 f6 32. h5 Rc5 33. g4 f5 34. Rd5 Rxd5 35. Nxd5+ Kd6 36. Ne3 fxg4 37. Kg3 Kc5 38. Kxg4 b4 39. Kf5 bxa3 40. bxa3 Kb5 41. Kg6 Ka4 42. Kxg7 Kxa3 43. Kxh6 a5 44. Nc4+ 1-0